Statistics for Countries Ranil Wickremesinghe has Visited

Click here to take the quiz!

General Stats

  • This quiz has been taken 14 times
    (4 since last reset)
  • The average score is 15 of 18

Answer Stats

ContinentCountry% Correct
OceaniaAustralia
100%
AsiaChina
100%
AsiaIndia
100%
AsiaIndonesia
100%
AsiaIsrael
100%
AsiaJapan
100%
OceaniaNew Zealand
100%
EuropeUnited Kingdom
100%
North AmericaUnited States of America
100%
EuropeFrance
75%
AsiaPhilippines
75%
EuropeSwitzerland
75%
Asiathe Maldives
75%
AsiaVietnam
75%
AfricaEgypt
50%
EuropeFinland
50%
EuropeNorway
50%
AsiaSingapore
50%

Score Distribution

Percentile by Number Answered

Percent of People with Each Score

Your Score History

You have not taken this quiz since the last reset